[Event "C.to Provinciale RG"]
[Site "Modica ITA"]
[Date "2010.01.31"]
[Round "4"]
[White "Giuliano, Vincenzo"]
[Black "Iozzia, Giuseppe"]
[Result "0-1"]
[WhiteElo "1704"]
[BlackElo "1580"]
[PlyCount "86"]
[EventDate "2010.01.30"]

1. e4 e5 2. Nf3 d6 3. Nc3 Nf6 4. d3 Be7 5. Bg5 O-O 6. Be2 Nbd7 7. Be3 c6 8. d4
Qc7 9. dxe5 dxe5 10. O-O Rd8 11. Bd3 Nc5 12. Bxc5 Bxc5 13. Qe2 Bg4 14. Na4 Be7
15. a3 Nh5 16. h3 Nf4 17. Qe3 Bh5 18. Nc3 h6 19. Ne2 Nxd3 20. cxd3 Qd6 21. Rad1
Qf6 22. Ng3 Bxf3 23. Qxf3 Qxf3 24. gxf3 Bg5 25. Ne2 Rd6 26. d4 Rad8 27. Rd3
exd4 28. Rfd1 c5 29. b4 b6 30. bxc5 bxc5 31. f4 Be7 32. f5 Bf6 33. f4 c4 34.
R3d2 d3 35. Nc1 Bd4+ 36. Kh1 Be3 37. Rg2 Bxf4 38. Na2 Be5 39. Nb4 d2 40. Nd5 c3
41. Rdg1 Rxd5 42. exd5 Rxd5 43. f6 Bxf6 0-1

[Event "C.to Provinciale RG"]
[Site "Modica ITA"]
[Date "2010.01.31"]
[Round "4"]
[White "Schembari, Serafino"]
[Black "Romano, Sebastiano"]
[Result "1-0"]
[WhiteElo "1604"]
[BlackElo "1488"]
[PlyCount "55"]
[EventDate "2010.01.30"]

1. d4 e6 2. Nf3 d5 3. e3 Nc6 4. a3 Nf6 5. c4 Be7 6. Bd3 dxc4 7. Bxc4 O-O 8. O-O
Na5 9. Bd3 c5 10. dxc5 Bxc5 11. b4 Bd6 12. bxa5 Qxa5 13. Bxh7+ Nxh7 14. Qxd6
Rd8 15. Qf4 b6 16. Ne5 Rf8 17. Bd2 g5 18. Qg3 Qd5 19. Bb4 Rd8 20. Nc3 Qb7 21.
Rfd1 Rxd1+ 22. Rxd1 a5 23. Rd8+ Kg7 24. Bd6 f6 25. Re8 Qa6 26. Re7+ Kg8 27. Qh3
Nf8 28. Ng6 1-0

[Event "C.to Provinciale RG"]
[Site "Modica ITA"]
[Date "2010.02.06"]
[Round "5"]
[White "Di Martino, Giancarlo"]
[Black "Occhipinti, Massimo"]
[Result "0-1"]
[WhiteElo "1661"]
[BlackElo "1996"]
[PlyCount "124"]
[EventDate "2010.01.30"]

1. d4 Nf6 2. c4 g6 3. Nc3 Bg7 4. e4 d6 5. Be2 O-O 6. Nf3 Nbd7 7. O-O e5 8. Qc2
c6 9. Rd1 Qe7 10. Rb1 Re8 11. d5 Nh5 12. dxc6 bxc6 13. Qd2 Bf8 14. Qg5 f6 15.
Qh4 Nc5 16. b4 Ne6 17. b5 Bd7 18. bxc6 Bxc6 19. Nd5 Bxd5 20. cxd5 Nhf4 21. Bxf4
Nxf4 22. Bb5 Red8 23. g3 Nh5 24. Qh3 Rab8 25. Qe6+ Kh8 26. Rdc1 Qxe6 27. dxe6
d5 28. exd5 Rxd5 29. Bc6 Rdd8 30. Bb7 Ng7 31. Rc6 Re8 32. Nd2 Rxe6 33. Rc8 Re8
34. Rxe8 Nxe8 35. Nc4 Nd6 36. Nxd6 Bxd6 37. Kf1 Bc5 38. Ke2 f5 39. Rb5 Bd4 40.
f3 Kg7 41. Kd3 Bb6 42. Bd5 Kf6 43. a4 Rd8 44. a5 Bg1 45. h3 a6 46. Rb1 Rxd5+
47. Kc4 Rc5+ 48. Kd3 Bd4 49. Rb6+ Ke7 50. Rxa6 Rc3+ 51. Ke2 Re3+ 52. Kf2 Ra3+
53. Ke2 e4 54. fxe4 fxe4 55. Rc6 Rxa5 56. Rc7+ Kf6 57. Rxh7 Ra2+ 58. Kd1 Rg2
59. g4 e3 60. Rc7 Rd2+ 61. Ke1 Be5 62. Rc6+ Kf7 0-1

[Event "C.to Provinciale RG"]
[Site "Modica ITA"]
[Date "2010.02.06"]
[Round "5"]
[White "Iozzia, Giuseppe"]
[Black "Schembari, Serafino"]
[Result "1/2-1/2"]
[WhiteElo "1580"]
[BlackElo "1604"]
[PlyCount "83"]
[EventDate "2010.01.30"]

1. e4 c5 2. d4 cxd4 3. c3 dxc3 4. Nxc3 Nc6 5. Nf3 d6 6. Bc4 Nf6 7. O-O Bg4 8.
Be3 g6 9. h3 Bxf3 10. Qxf3 Rc8 11. Bb3 Bg7 12. Qe2 a6 13. Rfd1 b5 14. Bf4 Nh5
15. Qd2 Nd4 16. Be3 e5 17. Bxd4 exd4 18. Ne2 d3 19. Qxd3 Bxb2 20. Rab1 Be5 21.
Rbc1 Rxc1 22. Rxc1 Nf4 23. Nxf4 Bxf4 24. Rc6 Qa5 25. g3 Bg5 26. Rc8+ Bd8 27.
Qd5 O-O 28. Kg2 Qb6 29. Rc6 Qb7 30. Qxd6 a5 31. Qd5 Qe7 32. h4 a4 33. Bc2 Qb4
34. h5 Kg7 35. hxg6 hxg6 36. e5 Qg4 37. Rd6 Rh8 38. Kg1 Qg5 39. Kg2 Qc1 40.
Rxg6+ fxg6 41. Qd7+ Kh6 42. Qh3+ 1/2-1/2

[Event "C.to Provinciale RG"]
[Site "Modica ITA"]
[Date "2010.02.06"]
[Round "5"]
[White "Tumino, Andrea"]
[Black "Arangio, Alessandro"]
[Result "1-0"]
[WhiteElo "1556"]
[BlackElo "1575"]
[PlyCount "71"]
[EventDate "2010.01.30"]

1. e4 c5 2. Nf3 Nc6 3. d4 cxd4 4. Nxd4 Nf6 5. Nc3 e5 6. Nxc6 bxc6 7. Bg5 Be7 8.
Bxf6 Bxf6 9. Bc4 O-O 10. O-O Bg5 11. Qf3 d6 12. Rfd1 Be6 13. Bb3 Qd7 14. h3
Bxb3 15. axb3 f5 16. Qd3 Be7 17. f3 fxe4 18. fxe4 Rab8 19. Qc4+ Kh8 20. Ra6 Rb6
21. Rda1 Rxa6 22. Rxa6 Rc8 23. Qa4 Bg5 24. Nd5 Qe8 25. Nc3 Be3+ 26. Kh1 Qf7 27.
Qa1 d5 28. exd5 cxd5 29. Qd1 Rd8 30. Nb5 Qb7 31. Rd6 Rxd6 32. Nxd6 Qc6 33. Nf7+
Kg8 34. Nxe5 Qf6 35. Qxd5+ Kh8 36. Qa8+ 1-0

[Event "C.to Provinciale RG"]
[Site "Modica ITA"]
[Date "2010.02.06"]
[Round "6"]
[White "Schembari, Serafino"]
[Black "Digrandi, Vincenzo"]
[Result "1-0"]
[WhiteElo "1604"]
[BlackElo "1392"]
[PlyCount "53"]
[EventDate "2010.01.30"]

1. d4 d5 2. Nf3 Nf6 3. e3 Nc6 4. c4 e6 5. Nc3 Bb4 6. a3 Bxc3+ 7. bxc3 b6 8.
cxd5 Nxd5 9. c4 Nf6 10. Bd3 O-O 11. Bb2 Re8 12. e4 Bb7 13. Qc2 g6 14. O-O-O Na5
15. Rhe1 c5 16. dxc5 bxc5 17. Qc3 Kf8 18. g4 Nd7 19. Bc2 Bc6 20. Qg7+ Ke7 21.
Bf6+ Nxf6 22. Rxd8 Raxd8 23. g5 Nh5 24. Qe5 Nxc4 25. Qxc5+ Rd6 26. Qxc4 Rb8 27.
e5 1-0

[Event "C.to Provinciale RG"]
[Site "Modica ITA"]
[Date "2010.02.06"]
[Round "6"]
[White "Tumino, Andrea"]
[Black "Di Martino, Giancarlo"]
[Result "0-1"]
[WhiteElo "1556"]
[BlackElo "1661"]
[PlyCount "48"]
[EventDate "2010.01.30"]

1. e4 d6 2. d4 Nf6 3. Nc3 g6 4. f4 Bg7 5. Bc4 O-O 6. Qd3 c5 7. Nf3 cxd4 8. Nxd4
Nbd7 9. Be3 Nc5 10. Qe2 Bg4 11. Nf3 Nfxe4 12. O-O Nxc3 13. bxc3 Bxc3 14. Rad1
Qc7 15. Bd4 Bxd4+ 16. Rxd4 Ne6 17. Re4 Qc5+ 18. Kh1 d5 19. Re5 Qxc4 20. Qf2
Qxf4 21. Rxd5 Bxf3 22. gxf3 Rad8 23. Rxd8 Rxd8 24. Qxa7 Rd2 0-1

[Event "C.to Provinciale RG"]
[Site "Modica ITA"]
[Date "2010.02.06"]
[Round "7"]
[White "Arangio, Alessandro"]
[Black "Romano, Sebastiano"]
[Result "1/2-1/2"]
[WhiteElo "1575"]
[BlackElo "1488"]
[PlyCount "67"]
[EventDate "2010.01.30"]

1. e4 c5 2. Nf3 d6 3. d4 cxd4 4. Nxd4 e5 5. Nb5 Qa5+ 6. N5c3 Nf6 7. Bd2 Qb6 8.
b3 Nbd7 9. Bd3 Nc5 10. Be3 Nxd3+ 11. Qxd3 Qc6 12. O-O Bd7 13. f3 Rc8 14. Rd1 a6
15. Rd2 b5 16. b4 Be6 17. a3 Be7 18. Qe2 O-O 19. Qd1 Rfd8 20. Bg5 Rd7 21. Nd5
Nxd5 22. exd5 Qb6+ 23. Kh1 Bxg5 24. dxe6 fxe6 25. Rd3 d5 26. Nd2 Bf6 27. Rb1
Rdc7 28. Rc1 Rc3 29. Nb1 Rxd3 30. cxd3 Rc6 31. Rxc6 Qxc6 32. Qd2 d4 33. Qb2 Bg5
34. h3 1/2-1/2

[Event "C.to Provinciale RG"]
[Site "Modica ITA"]
[Date "2010.02.06"]
[Round "7"]
[White "Di Martino, Giancarlo"]
[Black "Schembari, Serafino"]
[Result "1-0"]
[WhiteElo "1661"]
[BlackElo "1604"]
[PlyCount "61"]
[EventDate "2010.01.30"]

1. e4 c5 2. Nf3 Nc6 3. d4 cxd4 4. Nxd4 d6 5. Nc3 Nf6 6. Be3 g6 7. Bb5 Bd7 8.
O-O a6 9. Nxc6 bxc6 10. Bc4 Bg7 11. Qe2 Ng4 12. Bf4 e5 13. Bg3 h5 14. Qf3 Nh6
15. h3 Qf6 16. Qxf6 Bxf6 17. Rad1 Be7 18. f4 f6 19. Na4 d5 20. exd5 cxd5 21.
Bxd5 Rb8 22. Bb3 Nf5 23. Bf2 Bxa4 24. Bxa4+ Kf8 25. fxe5 fxe5 26. g4 hxg4 27.
hxg4 Nh4 28. Bxh4+ Kg7 29. Bxe7 Rb6 30. Bb3 Re8 31. Rf7+ 1-0

[Event "C.to Provinciale RG"]
[Site "Modica ITA"]
[Date "2010.02.06"]
[Round "7"]
[White "Occhipinti, Massimo"]
[Black "Tumino, Andrea"]
[Result "1-0"]
[WhiteElo "1996"]
[BlackElo "1556"]
[PlyCount "37"]
[EventDate "2010.01.30"]

1. e4 e5 2. Nc3 Nf6 3. Bc4 Bb4 4. Nge2 O-O 5. d3 d5 6. exd5 Nxd5 7. Bd2 Nxc3 8.
Nxc3 Nc6 9. O-O Qh4 10. Nd5 Bd6 11. f4 Bg4 12. Qe1 Qh5 13. fxe5 Nxe5 14. Nf4
Qg5 15. Ne6 Qe7 16. Nxf8 Rxf8 17. Bf4 Bh5 18. Qg3 Re8 19. Rae1 1-0

[Event "C.to Provinciale RG"]
[Site "Modica ITA"]
[Date "2010.02.07"]
[Round "8"]
[White "Arangio, Roberto"]
[Black "Occhipinti, Massimo"]
[Result "0-1"]
[WhiteElo "1431"]
[BlackElo "1996"]
[PlyCount "40"]
[EventDate "2010.01.30"]

1. d4 Nf6 2. c4 g6 3. Nc3 Bg7 4. e4 d6 5. Be2 O-O 6. Nf3 Nbd7 7. O-O e5 8. Qc2
c6 9. Rd1 Re8 10. Rb1 Qc7 11. b4 Nf8 12. Bd2 Bg4 13. dxe5 dxe5 14. h3 Bxf3 15.
Bxf3 Ne6 16. Ne2 Ng5 17. Qd3 Red8 18. Qe3 Bh6 19. Kf1 Kg7 20. h4 Nfxe4 0-1

[Event "XXI Weekend"]
[Site "Reggio nell'Emilia ITA"]
[Date "2010.01.31"]
[Round "3"]
[White "Calvello, Simone"]
[Black "Gulinelli, Euro"]
[Result "1-0"]
[WhiteElo "1464"]
[BlackElo "1662"]
[PlyCount "129"]
[EventDate "2010.01.30"]

1. e4 c6 2. d4 d5 3. e5 Bf5 4. h4 Qb6 5. c3 Bxb1 6. Rxb1 e6 7. Nf3 Nd7 8. Be2
c5 9. O-O cxd4 10. cxd4 Ne7 11. Be3 Rc8 12. Qd2 Nc6 13. a3 Be7 14. Rbc1 O-O 15.
b4 f6 16. g3 Qd8 17. exf6 Bxf6 18. b5 Ncb8 19. Rxc8 Qxc8 20. Rc1 Qd8 21. Ng5
Re8 22. Bg4 Bxg5 23. Bxg5 Qb6 24. a4 Qd6 25. Bf4 e5 26. Bxd7 Nxd7 27. Qe3 Qe6
28. dxe5 Nxe5 29. Bxe5 Qxe5 30. Qxa7 Qb2 31. Qc5 Qd2 32. Rf1 Qa2 33. a5 d4 34.
Qxd4 Qxa5 35. Qd7 Re5 36. Qc8+ Kf7 37. Qxb7+ Re7 38. Qa6 Qd8 39. Rc1 Qd5 40. b6
Qd2 41. Qc4+ Kf6 42. Qc3+ Qxc3 43. Rxc3 Rb7 44. Rb3 Ke5 45. Kg2 Kd5 46. f4 Kc5
47. Kf3 Rxb6 48. Rxb6 Kxb6 49. Ke4 Kc6 50. Ke5 Kd7 51. g4 Ke7 52. f5 Kf7 53. g5
Ke7 54. Kd5 Kf7 55. Kd6 h6 56. Kd7 g6 57. f6 h5 58. Kd8 Kf8 59. Kd7 Kf7 60. Kd6
Kf8 61. f7 Kxf7 62. Kd7 Kg8 63. Ke8 Kg7 64. Ke7 Kh8 65. Kf7 1-0

[Event "XXI Weekend"]
[Site "Reggio nell'Emilia ITA"]
[Date "2010.02.07"]
[Round "5"]
[White "Vezzosi, Paolo"]
[Black "Malfagia, Andrea"]
[Result "0-1"]
[WhiteElo "2370"]
[BlackElo "2286"]
[PlyCount "76"]
[EventDate "2010.01.30"]

1. Nf3 Nf6 2. c4 c5 3. g3 b6 4. Bg2 Bb7 5. O-O e6 6. Nc3 Be7 7. Re1 d6 8. e4 a6
9. d4 cxd4 10. Nxd4 Qc7 11. Be3 O-O 12. Rc1 Nbd7 13. f4 Rfe8 14. g4 Nc5 15. Bf2
g6 16. b4 Ncd7 17. g5 Nh5 18. Qg4 Bf8 19. Bh3 Rad8 20. Nb3 Qxc4 21. Nd5 exd5
22. Rxc4 dxc4 23. Nd4 Rxe4 24. Rxe4 Bxe4 25. f5 Bb7 26. fxg6 hxg6 27. Qd1 Nf4
28. Bf1 Ne5 29. Bg3 Nfd3 30. Bxd3 Nxd3 31. b5 axb5 32. Nxb5 d5 33. h4 Bc5+ 34.
Kh2 Bc6 35. Nc7 Nf2 36. Qc2 Ne4 37. Bf4 Bd6 38. Bxd6 Rxd6 0-1

[Event "C.to Provinciale MB"]
[Site "Ceriano Laghetto ITA"]
[Date "2010.02.??"]
[Round "1"]
[White "Boffi, Luigi"]
[Black "Veronelli, Franco"]
[Result "1/2-1/2"]
[WhiteElo "1600"]
[BlackElo "1819"]
[PlyCount "55"]
[EventDate "2010.02.02"]

1. e4 e5 2. Nf3 Nf6 3. d3 Nc6 4. Nc3 Bb4 5. Bd2 O-O 6. Be2 d5 7. exd5 Nxd5 8.
Nxd5 Bxd2+ 9. Nxd2 Qxd5 10. O-O Re8 11. Ne4 Nd4 12. Bf3 Qc6 13. c3 Nxf3+ 14.
Qxf3 f5 15. Ng5 Qxf3 16. Nxf3 e4 17. dxe4 fxe4 18. Rfe1 Bg4 19. Nd4 a6 20. Re3
Rad8 21. Rae1 c5 22. Nb3 b6 23. h3 Bd1 24. Kf1 Bxb3 25. axb3 Rd2 26. R3e2 Red8
27. Rxd2 Rxd2 28. Re2 1/2-1/2

[Event "C.to Provinciale MB"]
[Site "Ceriano Laghetto ITA"]
[Date "2010.02.??"]
[Round "1"]
[White "Canciani, Alberto"]
[Black "Napoli, Ferdinando"]
[Result "0-1"]
[WhiteElo "1461"]
[BlackElo "1742"]
[PlyCount "111"]
[EventDate "2010.02.02"]

1. c4 g6 2. e3 Bg7 3. g3 d6 4. Bg2 Nf6 5. Ne2 c6 6. d4 O-O 7. Nbc3 Nbd7 8. Bd2
Re8 9. Qc1 Qc7 10. b4 e5 11. O-O exd4 12. exd4 Nb6 13. c5 dxc5 14. dxc5 Nbd5
15. Rb1 Bf5 16. Rb3 Rad8 17. Nf4 Nxc3 18. Bxc3 Qd7 19. Qa1 Nh5 20. Nxh5 Bxc3
21. Qxc3 gxh5 22. h4 Bh3 23. Bxh3 Qxh3 24. Re1 Rxe1+ 25. Qxe1 Qg4 26. Rb1 Qd4
27. a4 a6 28. Qe3 Qxe3 29. fxe3 Kg7 30. Kf2 Kg6 31. b5 Rd5 32. bxc6 bxc6 33.
Rc1 Kf5 34. Rc4 Ke5 35. Kf3 f5 36. Ke2 a5 37. Rc1 Rd7 38. Rc4 Rg7 39. Rd4 Rxg3
40. Rd6 Rg6 41. Rd7 Rg4 42. Rd6 Rxh4 43. Rxc6 Rxa4 44. Rh6 Rc4 45. Rxh5 Rxc5
46. Rxh7 Kd5 47. Rd7+ Kc6 48. Rd8 Rd5 49. Rc8+ Kb7 50. Rc4 Kb6 51. Kf3 Kb5 52.
Rc8 Kb4 53. e4 fxe4+ 54. Kxe4 Rd7 55. Rb8+ Ka3 56. Ra8 0-1

[Event "C.to Provinciale MB"]
[Site "Ceriano Laghetto ITA"]
[Date "2010.02.??"]
[Round "1"]
[White "Casarin, Massimo"]
[Black "Basile, Daniele"]
[Result "0-1"]
[WhiteElo "1395"]
[BlackElo "1697"]
[PlyCount "82"]
[EventDate "2010.02.02"]

1. e4 e6 2. d4 d5 3. e5 c5 4. c3 Bd7 5. Nf3 b5 6. Be2 a5 7. O-O c4 8. b3 Nc6 9.
bxc4 bxc4 10. Ba3 Nge7 11. Bd6 Ng6 12. Bxf8 Nxf8 13. Na3 Rb8 14. Rb1 Ng6 15.
Rxb8 Qxb8 16. Qb1 O-O 17. Qxb8 Rxb8 18. Rb1 Nf4 19. Kf1 Rxb1+ 20. Nxb1 Na7 21.
g3 Nxe2 22. Kxe2 h6 23. Na3 Nc8 24. Nd2 f6 25. f4 Ne7 26. g4 Be8 27. Nc2 Kf7
28. Ne3 Bd7 29. Kf3 g5 30. h3 fxe5 31. fxe5 Ng6 32. Ng2 Ba4 33. Ke2 Bc2 34. Ne3
Bd3+ 35. Kf2 Nf4 36. Kg3 Ne2+ 37. Kf3 Nxc3 38. a3 Nb5 39. Nf5 exf5 40. gxf5
Nxd4+ 41. Ke3 Nxf5+ 0-1

[Event "C.to Provinciale MB"]
[Site "Ceriano Laghetto ITA"]
[Date "2010.02.??"]
[Round "1"]
[White "Conta, Diego"]
[Black "Annoni, Tiziano"]
[Result "1-0"]
[WhiteElo "1763"]
[BlackElo "1473"]
[PlyCount "143"]
[EventDate "2010.02.02"]

1. d4 d5 2. c4 c6 3. Nc3 Nf6 4. Nf3 Nbd7 5. Bf4 e6 6. e3 Bb4 7. a3 Be7 8. c5
Nh5 9. Bg3 b6 10. cxb6 axb6 11. Bd3 Nxg3 12. hxg3 h6 13. Qc2 Ba6 14. Qe2 Bxd3
15. Qxd3 c5 16. dxc5 bxc5 17. O-O c4 18. Qe2 O-O 19. e4 Nc5 20. exd5 exd5 21.
Ne5 Bf6 22. Ng4 Bxc3 23. bxc3 Re8 24. Qc2 Qb6 25. Ne3 Red8 26. Qf5 Qe6 27. Qf3
Ne4 28. Rfe1 Nd2 29. Qe2 Ne4 30. Nxc4 Nxc3 31. Qc2 Qf6 32. Ne5 d4 33. Nd3 Qd6
34. Qb3 Rdb8 35. Qc4 Ra4 36. Qc5 Nb5 37. Reb1 Qa6 38. Qe7 Rb7 39. Qe8+ Kh7 40.
Qe4+ Kg8 41. Nc5 Nd6 42. Nxa6 Nxe4 43. Rxb7 Rxa6 44. Rb4 Nc3 45. Kf1 Rd6 46.
Rc4 f6 47. a4 Kf7 48. a5 Ra6 49. Rxd4 Ke6 50. Re1+ Kf7 51. Rd7+ Kg6 52. Ra1 Ne4
53. Rb7 Nd2+ 54. Kg1 Nc4 55. Rc7 Rxa5 56. Rxa5 Nxa5 57. Kf1 Nb3 58. Ke2 Nd4+
59. Ke3 Ne6 60. Ra7 Nc5 61. f4 Ne6 62. g4 Kh7 63. Ke4 Nc5+ 64. Kf5 Nb3 65. Ke6
Nd4+ 66. Kf7 Ne2 67. f5 Nf4 68. g3 Nh3 69. Kf8 Ng5 70. Rxg7+ Kh8 71. Rxg5 hxg5
72. Kf7 1-0

[Event "C.to Provinciale MB"]
[Site "Ceriano Laghetto ITA"]
[Date "2010.02.??"]
[Round "1"]
[White "Dimo, Maurizio"]
[Black "Ronconi, Fausto"]
[Result "0-1"]
[WhiteElo "1514"]
[BlackElo "1780"]
[PlyCount "80"]
[EventDate "2010.02.02"]

1. e4 e6 2. Nf3 d5 3. e5 c5 4. c3 Nc6 5. d4 Bd7 6. Nbd2 cxd4 7. Nxd4 Nxe5 8.
N2f3 Nxf3+ 9. Qxf3 Bc5 10. Bd3 Nf6 11. Bg5 h6 12. Bh4 Be7 13. O-O Qb6 14. b4 e5
15. Bxf6 Bxf6 16. Qe2 O-O 17. Nb3 e4 18. Bc2 Bb5 19. Qd1 Bxf1 20. Qxf1 Bxc3 21.
Rd1 Rad8 22. h3 e3 23. fxe3 Qxe3+ 24. Kh1 d4 25. Rd3 Qe1 26. Qxe1 Bxe1 27. Nxd4
Bxb4 28. Bb3 Bc5 29. Ne6 fxe6 30. Bxe6+ Kh8 31. Rxd8 Rxd8 32. h4 Rd2 33. g4 Re2
34. Bf7 Bd6 35. g5 Rh2+ 36. Kg1 Rxh4 37. g6 Rg4+ 38. Kf2 Rf4+ 39. Kg2 Rxf7 40.
gxf7 g5 0-1

[Event "C.to Provinciale MB"]
[Site "Ceriano Laghetto ITA"]
[Date "2010.02.??"]
[Round "1"]
[White "Guglielmetti, Oscar"]
[Black "Monticelli, Francesco"]
[Result "0-1"]
[WhiteElo "1788"]
[BlackElo "1536"]
[PlyCount "78"]
[EventDate "2010.02.02"]

1. Nf3 d5 2. g3 Nf6 3. Bg2 e6 4. O-O c5 5. d3 g6 6. Bf4 Nh5 7. Be5 Bg7 8. Nc3
Bxe5 9. Nxe5 O-O 10. e4 Nf6 11. exd5 exd5 12. Qd2 Be6 13. Rfe1 Nbd7 14. Nf3 Kg7
15. Ng5 Bf5 16. Nxd5 Nxd5 17. Bxd5 Qb6 18. Qc3+ Qf6 19. Qxf6+ Nxf6 20. Bxb7
Rab8 21. Re7 Nd7 22. Bc6 Kf6 23. Rxd7 Bxd7 24. Nxh7+ Kg7 25. Bxd7 Kxh7 26. b3
Rbd8 27. Bc6 Rd6 28. Bf3 Re8 29. Kf1 Kg7 30. g4 Kf6 31. h4 Rh8 32. h5 Ke5 33.
hxg6 Rxg6 34. Ke2 Kf4 35. Bd5 f6 36. Kd2 Rxg4 37. Kc3 Ke5 38. f3 Rf4 39. Bb7
Re8 0-1

[Event "C.to Provinciale MB"]
[Site "Ceriano Laghetto ITA"]
[Date "2010.02.??"]
[Round "1"]
[White "Origgio, Stefano"]
[Black "Guzzetti, Luigi Enrico"]
[Result "0-1"]
[WhiteElo "1668"]
[BlackElo "1887"]
[PlyCount "111"]
[EventDate "2010.02.02"]

1. d4 Nf6 2. c4 g6 3. Nc3 Bg7 4. e4 d6 5. f3 Nbd7 6. Be3 O-O 7. Qd2 Re8 8. Nge2
c6 9. Rd1 Qc7 10. Ng3 a6 11. Be2 b5 12. O-O b4 13. Na4 a5 14. b3 c5 15. f4 cxd4
16. Bxd4 Nc5 17. Nxc5 dxc5 18. Be5 Qb6 19. Bf3 Ra7 20. Qe3 a4 21. Bxf6 exf6 22.
Rd5 axb3 23. axb3 Ra5 24. Rfd1 Bf8 25. h3 f5 26. e5 f6 27. Re1 Bb7 28. Rd7 Bxf3
29. Qxf3 Qe6 30. Rd5 Ra2 31. Re3 Rc2 32. Rdd3 Rc3 33. Nf1 Rxd3 34. Rxd3 fxe5
35. fxe5 Qxe5 36. Ne3 Bg7 37. Qd5+ Qxd5 38. Nxd5 Ra8 39. Kf2 Ra3 40. Kf3 Bc3
41. Nxc3 Rxb3 42. Ke2 Rxc3 43. Rxc3 bxc3 44. Kd3 Kf7 45. Kxc3 Ke6 46. Kd3 Ke5
47. Ke3 g5 48. g3 h6 49. h4 gxh4 50. gxh4 h5 51. Kf3 f4 52. Kf2 Ke4 53. Kf1 f3
54. Kf2 Kd4 55. Kxf3 Kd3 56. Kf4 0-1

[Event "C.to Provinciale MB"]
[Site "Ceriano Laghetto ITA"]
[Date "2010.02.??"]
[Round "1"]
[White "Pandini, Giuseppe"]
[Black "Borserini, Mirko"]
[Result "1/2-1/2"]
[WhiteElo "1702"]
[BlackElo "1449"]
[PlyCount "40"]
[EventDate "2010.02.02"]

1. f4 d5 2. Nf3 c5 3. e3 Nc6 4. Bb5 Bd7 5. O-O a6 6. Bxc6 Bxc6 7. Ne5 Rc8 8.
Nxc6 Rxc6 9. b3 Nf6 10. Bb2 e6 11. Qf3 c4 12. Bd4 Bd6 13. Nc3 O-O 14. Rab1 b5
15. bxc4 Rxc4 16. d3 Rc6 17. Qd1 Qe7 18. Bxf6 Qxf6 19. Ne2 Rfc8 20. c3 e5
1/2-1/2

[Event "C.to Provinciale MB"]
[Site "Ceriano Laghetto ITA"]
[Date "2010.02.??"]
[Round "1"]
[White "Pellegrini, Fabio"]
[Black "Cervini, Gian Piero"]
[Result "1-0"]
[WhiteElo "1541"]
[BlackElo "1792"]
[PlyCount "79"]
[EventDate "2010.02.02"]

1. e4 g6 2. d4 Bg7 3. Nf3 d6 4. h3 Nf6 5. Bd3 O-O 6. Be3 c5 7. c3 b6 8. Nbd2
Bb7 9. d5 b5 10. Bxb5 Qb6 11. Qb3 a5 12. Bd3 Qc7 13. a4 Nbd7 14. c4 Rfb8 15.
Qc2 Ra6 16. Ra2 Rb6 17. b3 e6 18. dxe6 fxe6 19. O-O d5 20. exd5 exd5 21. Bg5
Ne5 22. Nxe5 Qxe5 23. Nf3 Qd6 24. Bxf6 Bxf6 25. cxd5 Bxd5 26. Bc4 Kg7 27. Rd1
Bd4 28. Nxd4 Bxc4 29. Nf5+ gxf5 30. Rxd6 Rxd6 31. Qxc4 Rc6 32. Qd5 Rbc8 33.
Qxf5 R8c7 34. Re2 Rf7 35. Qg5+ Kf8 36. Rd2 Rg6 37. Qxc5+ Kg7 38. Qb5 Rf3 39.
Qb7+ Rf7 40. Rd7 1-0

[Event "C.to Provinciale MB"]
[Site "Ceriano Laghetto ITA"]
[Date "2010.02.??"]
[Round "1"]
[White "Petetta, Roberto"]
[Black "Viale, Fabio"]
[Result "1/2-1/2"]
[WhiteElo "1649"]
[BlackElo "1856"]
[PlyCount "43"]
[EventDate "2010.02.02"]

1. e4 c5 2. Nf3 Nc6 3. d4 cxd4 4. Nxd4 d6 5. Bc4 e6 6. Be3 Nf6 7. f3 Be7 8. Nc3
a6 9. Qd2 O-O 10. O-O Qc7 11. Bb3 b5 12. Nxc6 Qxc6 13. Ne2 Bb7 14. c3 Rfd8 15.
Nd4 Qd7 16. Rac1 Rac8 17. Rc2 Bf8 18. Bg5 Be7 19. Be3 Bf8 20. Bg5 Be7 21. Be3
Bf8 22. Bg5 1/2-1/2

[Event "C.to Provinciale MB"]
[Site "Ceriano Laghetto ITA"]
[Date "2010.02.??"]
[Round "1"]
[White "Pino, Nicola"]
[Black "Bertuolo, Sergio"]
[Result "1-0"]
[WhiteElo "1793"]
[BlackElo "1559"]
[PlyCount "65"]
[EventDate "2010.02.02"]

1. e4 e6 2. d4 d5 3. Nd2 Nf6 4. e5 Nfd7 5. f4 c5 6. c3 Nc6 7. Ndf3 f6 8. Bd3 c4
9. Bc2 Be7 10. Ne2 f5 11. Be3 Nb6 12. Qd2 Bd7 13. Bf2 O-O 14. h3 a5 15. a4 Be8
16. g4 Bg6 17. gxf5 Bh5 18. Ng5 Bxg5 19. fxg5 exf5 20. h4 Qd7 21. Qe3 Rae8 22.
Nf4 Nd8 23. Nxh5 Ne6 24. Nf4 Qf7 25. Bd1 Nxf4 26. Qxf4 Qd7 27. Bh5 g6 28. Bd1
Qd6 29. h5 Nd7 30. hxg6 hxg6 31. Qh4 Rxe5+ 32. dxe5 Qxe5+ 33. Kd2 1-0

[Event "C.to Provinciale MB"]
[Site "Ceriano Laghetto ITA"]
[Date "2010.02.??"]
[Round "1"]
[White "Raineri, Pieroberto"]
[Black "Farinella, Piervittorio"]
[Result "1-0"]
[WhiteElo "1677"]
[BlackElo "1380"]
[PlyCount "49"]
[EventDate "2010.02.02"]

1. d4 Nf6 2. c4 g6 3. Nc3 d5 4. Bf4 Bg7 5. e3 c5 6. Nf3 Nc6 7. Qb3 e6 8. Nb5
Qa5+ 9. Nd2 O-O 10. Bc7 Qb4 11. Qc2 Ne4 12. Rd1 cxd4 13. a3 Qe7 14. Nxe4 dxe4
15. Bd6 Qf6 16. Bxf8 Kxf8 17. Nxd4 Nxd4 18. Rxd4 e5 19. Rd5 Be6 20. Rd6 Kg8 21.
c5 Rc8 22. b4 Bf8 23. Rd1 b6 24. Ba6 Rc7 25. c6 1-0

[Event "C.to Provinciale MB"]
[Site "Ceriano Laghetto ITA"]
[Date "2010.02.??"]
[Round "1"]
[White "Regorda, Vittorio"]
[Black "Santarelli, Sabatino"]
[Result "1/2-1/2"]
[WhiteElo "1865"]
[BlackElo "1658"]
[PlyCount "76"]
[EventDate "2010.02.02"]

1. d4 f5 2. g3 Nf6 3. Nh3 e6 4. Bg2 Be7 5. O-O O-O 6. Nd2 c5 7. e3 Nc6 8. c3 b6
9. Nf4 Bb7 10. Nc4 b5 11. Na3 a6 12. d5 exd5 13. Nxd5 Nxd5 14. Bxd5+ Kh8 15. f4
c4 16. Qh5 Bxa3 17. bxa3 Qe8 18. Qf3 Rb8 19. Rb1 Nd8 20. Bxb7 Nxb7 21. a4 Nc5
22. Ba3 Ne4 23. Bxf8 Nd2 24. Bxg7+ Kxg7 25. Qf2 Nxf1 26. Rxf1 d5 27. Qd2 Qe4
28. axb5 Rxb5 29. Rd1 a5 30. a4 Rb1 31. Rxb1 Qxb1+ 32. Kg2 Qe4+ 33. Kh3 Kg6 34.
Qd4 Qf3 35. Qd2 h5 36. Qe1 h4 37. Qg1 Kh5 38. Qe1 Kg6 1/2-1/2

[Event "C.to Provinciale MB"]
[Site "Ceriano Laghetto ITA"]
[Date "2010.02.??"]
[Round "1"]
[White "Squillante, Michele"]
[Black "Longo, Giovanni"]
[Result "1/2-1/2"]
[WhiteElo "1842"]
[BlackElo "1641"]
[PlyCount "44"]
[EventDate "2010.02.02"]

1. d4 d5 2. Nf3 Nf6 3. Bg5 Nbd7 4. Nbd2 e6 5. e3 Be7 6. Bd3 O-O 7. O-O c5 8. c3
b6 9. Ne5 Bb7 10. f4 Rc8 11. Rc1 Nxe5 12. fxe5 Nd7 13. Bxe7 Qxe7 14. Qh5 g6 15.
Qe2 f6 16. exf6 Rxf6 17. Rxf6 Nxf6 18. Rf1 Rf8 19. Nf3 c4 20. Bb1 Nd7 21. e4
Nf6 22. e5 Ne4 1/2-1/2

[Event "C.to Provinciale MB"]
[Site "Ceriano Laghetto ITA"]
[Date "2010.02.??"]
[Round "2"]
[White "Annoni, Tiziano"]
[Black "Origgio, Stefano"]
[Result "0-1"]
[WhiteElo "1473"]
[BlackElo "1668"]
[PlyCount "74"]
[EventDate "2010.02.02"]

1. e4 e5 2. Nf3 Nc6 3. Bb5 a6 4. Ba4 Nf6 5. O-O Be7 6. Re1 b5 7. Bb3 d6 8. c3
O-O 9. h3 Bb7 10. d4 Re8 11. Nbd2 Bf8 12. Nf1 exd4 13. cxd4 Na5 14. e5 Nxb3 15.
Qxb3 dxe5 16. Nxe5 Qd5 17. Qg3 Qxd4 18. Nxf7 Kxf7 19. Qxc7+ Qd7 20. Qxd7+ Nxd7
21. Be3 Ne5 22. b3 Rac8 23. Red1 Red8 24. Nh2 Rxd1+ 25. Rxd1 Rc7 26. Bf4 Rd7
27. Rc1 Nd3 28. Rd1 Rd5 29. Be3 Nb2 30. Rxd5 Bxd5 31. Ng4 Bd6 32. f3 Nd3 33.
Kf1 Nb4 34. a3 Nc2 35. b4 Nxa3 36. Bc5 Bxc5 37. bxc5 b4 0-1

[Event "C.to Provinciale MB"]
[Site "Ceriano Laghetto ITA"]
[Date "2010.02.??"]
[Round "2"]
[White "Basile, Daniele"]
[Black "Conta, Diego"]
[Result "1-0"]
[WhiteElo "1697"]
[BlackElo "1763"]
[PlyCount "41"]
[EventDate "2010.02.02"]

1. e3 Nf6 2. d4 e6 3. Nf3 Nc6 4. c3 b6 5. Bd3 Bb7 6. Nbd2 d5 7. O-O Bd6 8. Qc2
Qd7 9. e4 dxe4 10. Nxe4 Nxe4 11. Bxe4 f5 12. Bd3 h6 13. Re1 O-O-O 14. b4 g5 15.
d5 Nxb4 16. cxb4 Bxb4 17. Rd1 Bxd5 18. Bb2 Rhg8 19. Ne5 Qe7 20. Ba6+ Bb7 21.
Qc6 1-0